Los delitos fiscales comunes
Guardado en:
| Autor principal: | |
|---|---|
| Formato: | Desconocido |
| Aporte de: | Registro referencial: Solicitar el recurso aquí |
| LEADER | 00324 a2200109 4500 | ||
|---|---|---|---|
| 001 | ART_17421 | ||
| 005 | 20260410161820.0 | ||
| 008 | 260409a | ||
| 245 | 1 | 0 | |a Los delitos fiscales comunes |
| 100 | 1 | |a Litvin, César R. | |
| 773 | 0 | |t Doctrina Penal Tributaria y Económica |g - Nº 19 (jun. 2011) |w REV4317 | |
| 999 | |c 22253 |d 22253 | ||